Emerging voices, urgent choices : (Registro nro. 20805)

Detalles MARC
000 -LEADER
campo de control de longitud fija 02349cam a22005414i 4500
003 - IDENTIFICADOR DE NÚMERO DE CONTROL
campo de control PE-LiUPU
005 - FECHA Y HORA DE LA ÚLTIMA TRANSACCIÓN
campo de control 20250731172932.0
008 - DATOS DE LONGITUD FIJA--INFORMACIÓN GENERAL
campo de control de longitud fija 170622s2006 mau rb 001 0 eng d
020 ## - NÚMERO INTERNACIONAL ESTÁNDAR DEL LIBRO
Número Internacional Estándar del Libro 9004148167
020 ## - NÚMERO INTERNACIONAL ESTÁNDAR DEL LIBRO
Número Internacional Estándar del Libro 9789004148161
035 ## - NÚMERO DE CONTROL DEL SISTEMA
Número de control de sistema (Sirsi) a204453
040 ## - FUENTE DE CATALOGACIÓN
Centro catalogador/agencia de origen PE-LiUPU
Lengua de catalogación spa
Centro/agencia transcriptor PE-LiUPU
Normas de descripción rda
049 ## - FONDOS LOCALES (OCLC)
Biblioteca depositaria PRUA
082 04 - NÚMERO DE LA CLASIFICACIÓN DECIMAL DEWEY
Número de clasificación 253.08968073
Cutter E4
Número de edición 22
245 00 - MENCIÓN DEL TÍTULO
Título Emerging voices, urgent choices :
Resto del título essays on latino/a religious leadership /
Mención de responsabilidad, etc. by Edwin I. Hernandez, Milagros Peña, Kenneth G. Davis.
264 #1 - PRODUCCIÓN, PUBLICACIÓN, DISTRIBUCIÓN, FABRICACIÓN Y COPYRIGHT
Producción, publicación, distribución, fabricación y copyright Boston :
Nombre del de productor, editor, distribuidor, fabricante Brill Academic Publishers,
Fecha de producción, publicación, distribución, fabricación o copyright 2006.
300 ## - DESCRIPCIÓN FÍSICA
Extensión x, 221 páginas ;
Dimensiones 23 centimetros.
336 ## - TIPO DE CONTENIDO
Término de tipo de contenido text
Fuente rdacontent
337 ## - TIPO DE MEDIO
Nombre/término del tipo de medio unmediated
Fuente rdamedia
338 ## - TIPO DE SOPORTE
Nombre/término del tipo de soporte volume
Fuente rdacarrier
490 0# - MENCIÓN DE SERIE
Mención de serie Religion in the Americas series
Designación de volumen o secuencia 4
504 ## - NOTA DE BIBLIOGRAFÍA, ETC.
Nota de bibliografía, etc. Bibliografía : páginas 193-212.
504 ## - NOTA DE BIBLIOGRAFÍA, ETC.
Nota de bibliografía, etc. Índices: páginas 213-221.
505 0# - NOTA DE CONTENIDO CON FORMATO
Nota de contenido con formato Introduction -- Latino/a good ministry as community work -- Hispanic catholic leadership: key to the future -- Latino/a catholic leaders in the united states -- Hispanic ministry in fourteen protestant denominations -- The community-serving activities of hispanic -- Latino/a clergy and churches in political and social action in the united states --If the pastor says "let's do it," gets done: success stories in latino social ministry.
526 ## - NOTA DE INFORMACIÓN SOBRE EL PROGRAMA DE ESTUDIO
Nombre del programa Segunda Especialidad En Profecías Bíblicas
526 ## - NOTA DE INFORMACIÓN SOBRE EL PROGRAMA DE ESTUDIO
Nombre del programa Segunda Especialidad En Nuevo Testamento
526 ## - NOTA DE INFORMACIÓN SOBRE EL PROGRAMA DE ESTUDIO
Nombre del programa Segunda Especialidad En Antiguo Testamento
526 ## - NOTA DE INFORMACIÓN SOBRE EL PROGRAMA DE ESTUDIO
Nombre del programa Segunda Especialidad En Estudios Adventistas
526 ## - NOTA DE INFORMACIÓN SOBRE EL PROGRAMA DE ESTUDIO
Nombre del programa Doctorado en teología
526 ## - NOTA DE INFORMACIÓN SOBRE EL PROGRAMA DE ESTUDIO
Nombre del programa Maestría en teología histórica
526 ## - NOTA DE INFORMACIÓN SOBRE EL PROGRAMA DE ESTUDIO
Nombre del programa Maestría en teología bíblica
526 ## - NOTA DE INFORMACIÓN SOBRE EL PROGRAMA DE ESTUDIO
Nombre del programa Maestría en teología
526 ## - NOTA DE INFORMACIÓN SOBRE EL PROGRAMA DE ESTUDIO
Nombre del programa Maestría en misionología
526 ## - NOTA DE INFORMACIÓN SOBRE EL PROGRAMA DE ESTUDIO
Nombre del programa Maestría en liderazgo eclesiástico
526 ## - NOTA DE INFORMACIÓN SOBRE EL PROGRAMA DE ESTUDIO
Nombre del programa Teología
596 ## -
-- 1
650 #0 - PUNTO DE ACCESO ADICIONAL DE MATERIA--TÉRMINO DE MATERIA
Término de materia o nombre geográfico como elemento de entrada Liderazgo cristiano.
650 #0 - PUNTO DE ACCESO ADICIONAL DE MATERIA--TÉRMINO DE MATERIA
Término de materia o nombre geográfico como elemento de entrada Hispanos.
700 1# - ENTRADA AGREGADA--NOMBRE PERSONAL
Nombre de persona Davis, Kenneth G.
Fechas asociadas al nombre 1957-
Término indicativo de función/relación editor.
700 1# - ENTRADA AGREGADA--NOMBRE PERSONAL
Nombre de persona Hernandez, Edwin I.
Término indicativo de función/relación editor.
700 1# - ENTRADA AGREGADA--NOMBRE PERSONAL
Nombre de persona Peña, Milagros,
Fechas asociadas al nombre 1955-
Término indicativo de función/relación editor.
910 ## - DATOS DE OPCIÓN DEL USUARIO (OCLC)
Datos de opción del usuario jck
-- jvq
-- jpc
-- 20170622
942 ## - ELEMENTOS DE ENTRADA SECUNDARIOS (KOHA)
Fuente del sistema de clasificación o colocación Clasificación Decimal Dewey
Tipo de ítem Koha
949 ## - PROCESAMIENTO DE INFORMACIÓN LOCAL (OCLC)
a 253.08968073 E4
w DEWEY
c 1
i 76254
l CATALOGING
m BUL
p 49.00
r 0
s Y
t BOOK
u 2017-06-22
x TEOLOGÍA
z TEOLOGÍA
0 COMPRA
o .CIRCNOTE. El documento es de alto precio.
-- .STAFF. Colección Teología
994 ## -
-- C0
-- PEPRU
999 ## - NÚMEROS DE CONTROL DE SISTEMA (KOHA)
-- DEWEY
-- 76254
-- 2021-11-10
-- 4
-- CCODEBUL1
-- BUL
-- 49.00
-- 0
-- Y
-- BOOK
-- 2017-6-22
-- TEOLOGIA
-- P35
-- DONACION
-- .STAFF. Colección Teología
980 ## - EQUIVALENCIA O REFERENCIA-CRUZADA-MENCIÓN DE SERIE--NOMBRE DE PERSONA/TÍTULO [LOCAL, CANADÁ]
ID del último usuario que modificó el registro 1
Nombre del último usuario que modificó el registro ALBERTO SANCHEZ Responsable de Automatización
Existencias
Visto por última vez Número de inventario Total de préstamos Signatura topográfica completa Código de barras Copia número Coste, precio de reemplazo Fecha de reemplazo Facultad Tipo de ítem Koha Nota pública Estado de pérdida Fuente del sistema de clasificación o colocación Restricciones de uso No para préstamo Colección Programa académico Biblioteca de origen Biblioteca actual Ubicación en estantería Fecha de adquisición Fuente de adquisición Coste, precio normal de compra
2025-12-03 5   253.08968073 E4 76254 e1 54.00 2017-06-22   Libros físicos inventario-2023-12-13 No Perdido Clasificación Decimal Dewey No restringido Disponible para préstamos Colección General Teología Biblioteca CRAI UPeU Lima Biblioteca CRAI UPeU Lima Sala principal 2017-06-22 DONACION 49.00